<?xml version="1.0" encoding="UTF-8"?>
<record
    xmlns:xsi="http://www.w3.org/2001/XMLSchema-instance"
    xsi:schemaLocation="http://www.loc.gov/MARC21/slim http://www.loc.gov/standards/marcxml/schema/MARC21slim.xsd"
    xmlns="http://www.loc.gov/MARC21/slim">

  <leader>00733nam a22001577a 4500</leader>
  <controlfield tag="005">20250812150645.0</controlfield>
  <controlfield tag="008">250812b        |||||||| |||| 00| 0 eng d</controlfield>
  <datafield tag="050" ind1=" " ind2=" ">
    <subfield code="a">RES HD 60 .O36 2012</subfield>
    <subfield code="b">C.1</subfield>
  </datafield>
  <datafield tag="100" ind1=" " ind2=" ">
    <subfield code="a">Ogochi, Innocent Gekara</subfield>
  </datafield>
  <datafield tag="245" ind1=" " ind2=" ">
    <subfield code="a">Assessment of the Effects of Environmental Conservation on Organizational Performance: A Case Study of Kenya Power, Kisii Branch, Kenya</subfield>
  </datafield>
  <datafield tag="260" ind1=" " ind2=" ">
    <subfield code="a">Kisii</subfield>
    <subfield code="b">Kisii University</subfield>
    <subfield code="c">2012</subfield>
  </datafield>
  <datafield tag="300" ind1=" " ind2=" ">
    <subfield code="a">x, 24p.:ill.</subfield>
  </datafield>
  <datafield tag="500" ind1=" " ind2=" ">
    <subfield code="a">Includes bibliographical references</subfield>
  </datafield>
  <datafield tag="650" ind1=" " ind2=" ">
    <subfield code="a">1. Environmental management&#x2014;Kenya. 2. Organizational effectiveness&#x2014;Kenya. 3. Kenya Power and Lighting Company&#x2014;Environmental policy. 4. Electric utilities&#x2014;Environmental aspects&#x2014;Kenya.</subfield>
  </datafield>
  <datafield tag="942" ind1=" " ind2=" ">
    <subfield code="2">lcc</subfield>
    <subfield code="c">REF</subfield>
  </datafield>
  <datafield tag="999" ind1=" " ind2=" ">
    <subfield code="c">216034</subfield>
    <subfield code="d">216034</subfield>
  </datafield>
  <datafield tag="952" ind1=" " ind2=" ">
    <subfield code="0">0</subfield>
    <subfield code="1">0</subfield>
    <subfield code="2">lcc</subfield>
    <subfield code="4">0</subfield>
    <subfield code="6">RES H D60 O36  02012</subfield>
    <subfield code="7">0</subfield>
    <subfield code="8">SC</subfield>
    <subfield code="9">372837</subfield>
    <subfield code="a">KSUL</subfield>
    <subfield code="b">KSUL</subfield>
    <subfield code="d">2025-08-12</subfield>
    <subfield code="i">109433</subfield>
    <subfield code="l">0</subfield>
    <subfield code="o">RES HD 60 .O36 2012</subfield>
    <subfield code="p">000000023522</subfield>
    <subfield code="r">2025-08-12 15:08:26</subfield>
    <subfield code="t">C.1</subfield>
    <subfield code="w">2025-08-12</subfield>
    <subfield code="y">REF</subfield>
  </datafield>
</record>
